000 00696nam a2200241 i 4500
001 C2-0323541
003 PPAK
005 20180728122112.0
008 131030s2009 bx |||| ||||| | may d
020 _a9991733841
040 _aPPAK
_beng
_cPPAK
_erda
082 0 4 _a297.57
_223
090 0 0 _a297.57
_bAWA
_dG
100 0 _aAwang Abdul Aziz Juned,
_eauthor
245 1 0 _aSelesema babi kukuhkan kebenaran al-Qur'an
264 1 _aBrunei Darussalam :
_bJabatan Mufti Kerajaan ,
_c2009
300 _axx, 92 pages ;
_c21 cm
336 _2rdacontent
_atext
337 _2rdamedia
_aunmediated
338 _2rdacarrier
_avolume
650 1 0 _aHealth - Religious aspects - Islam
942 _ddc
_cB
999 _c123603
_d123603